Welcome to CU Library Online Public Access Catalogue (OPAC)

Radiology of bone diseases / (Record no. 3734)

MARC details
000 -LEADER
fixed length control field 00652pam a2200217 a 4500
001 - CONTROL NUMBER
control field 2859099
005 - DATE AND TIME OF LATEST TRANSACTION
control field 20250209121037.0
008 - FIXED-LENGTH DATA ELEMENTS--GENERAL INFORMATION
fixed length control field 850401s1986 paua b 001 0 eng c
020 ## - INTERNATIONAL STANDARD BOOK NUMBER
International Standard Book Number 0397506902
050 10 - LIBRARY OF CONGRESS CALL NUMBER
Classification number RC930.5
Item number .G73 1986
082 00 - DEWEY DECIMAL CLASSIFICATION NUMBER
Classification number 616.7/107572
Edition information 19
100 1# - MAIN ENTRY--PERSONAL NAME
Personal name Greenfield, George B.,
Dates associated with a name 1928-
245 10 - TITLE STATEMENT
Title Radiology of bone diseases /
Statement of responsibility, etc. George B. Greenfield.
250 ## - EDITION STATEMENT
Edition statement 4th ed.
260 ## - PUBLICATION, DISTRIBUTION, ETC.
Place of publication, distribution, etc. Philadelphia :
Name of publisher, distributor, etc. J. B. Lippincott,
Date of publication, distribution, etc. c1986.
300 ## - PHYSICAL DESCRIPTION
Extent xv, 926 p. :
Other physical details ill. ;
Dimensions 27 cm.
650 #0 - SUBJECT ADDED ENTRY--TOPICAL TERM
Topical term or geographic name entry element Bones
General subdivision Radiography.
650 #0 - SUBJECT ADDED ENTRY--TOPICAL TERM
Topical term or geographic name entry element Bones
General subdivision Diseases
-- Diagnosis.
650 #2 - SUBJECT ADDED ENTRY--TOPICAL TERM
Topical term or geographic name entry element Bone and Bones
General subdivision radiography.
942 ## - ADDED ENTRY ELEMENTS (KOHA)
Source of classification or shelving scheme Library of Congress Classification
Koha item type Books
Edition 4th ed.
Suppress in OPAC No
999 ## -
-- 3734
-- 3734
Holdings
Withdrawn status Lost status Source of classification or shelving scheme Damaged status Not for loan Collection Home library Current library Shelving location Date acquired Total checkouts Full call number Barcode Date last seen Copy number Price effective from Koha item type
    Library of Congress Classification     Non-fiction Science Library (Miotso) Science Library (Miotso) General stacks 02/09/2025   RC930.5 .G73 GRE SLM00003343 02/09/2025 1 02/09/2025 Books
© 2023-2024 Copyright: Central University Libraries. All Rights Reserved | Created by: Mahone Tech Office